[Event "Elista ol (Men)"]
[Site "Elista"]
[Date "1998.10.06"]
[Round "8"]
[White "Veingold, Aleksandr"]
[Black "Safin, Shukhrat"]
[Result "1/2-1/2"]
[WhiteElo "2485"]
[BlackElo "2500"]

1.d4 Nf6 2.Nf3 g6 3.c4 Bg7 4.Nc3 O-O 5.e4 d6 6.Be2 e5 7.O-O Nc6 8.d5 Ne7
9.b4 a5 10.Ba3 Nd7 11.bxa5 Rxa5 12.Bb4 Ra8 13.a4 f5 14.Ng5 Nc5 15.Bxc5 dxc5
16.Qb3 Bf6 17.Ne6 Bxe6 18.dxe6 Qc8 19.Nd5 Rb8 20.Rad1 Qxe6 21.Nxc7 Qc8 22.Nb5  1/2-1/2

[Event "Elista ol (Men)"]
[Site "Elista"]
[Date "1998.10.07"]
[Round "9"]
[White "Santa, Luis A"]
[Black "Ahmad, Aziz"]
[Result "1/2-1/2"]
[WhiteElo "2220"]
[BlackElo "2350"]

1.Nf3 Nf6 2.c4 g6 3.Nc3 Bg7 4.e4 d6 5.d4 O-O 6.Be2 e5 7.O-O Nc6 8.d5 Ne7
9.b4 Nh5 10.Re1 Nf4 11.Bf1 Bg4 12.h3 Bd7 13.c5 f5 14.Bxf4 exf4 15.e5 a5 16.Qb3 h6
17.b5 Kh7 18.b6 dxe5 19.bxc7 Qxc7 20.d6 Qxc5 21.dxe7 Rfc8 22.Rac1 Qxe7 23.Nd5 Qd6
24.Rxc8 Bxc8 25.Nb6  1/2-1/2

[Event "Elista ol (Men)"]
[Site "Elista"]
[Date "1998.10.07"]
[Round "9"]
[White "Aderito, Pedro"]
[Black "Al Zendani, Zendan"]
[Result "1-0"]
[WhiteElo "2225"]
[BlackElo "2170"]

1.Nf3 Nf6 2.c4 g6 3.Nc3 Bg7 4.e4 d6 5.d4 O-O 6.Be2 Nc6 7.O-O e5 8.d5 Ne7
9.b4 a5 10.Ba3 axb4 11.Bxb4 b6 12.a4 Nh5 13.Re1 Nf4 14.Bf1 h6 15.h3 f5 16.Nh2 fxe4
17.Nxe4 g5 18.a5 bxa5 19.Rxa5 Rxa5 20.Bxa5 Bf5 21.Ng4 Qd7 22.Re3 Bh7 23.Re1 Nf5
24.g3 Nd4 25.gxf4 Rxf4 26.Bg2 h5 27.Nh2 g4 28.hxg4 hxg4 29.Bd2 Nf3+ 30.Bxf3  1-0

[Event "Elista ol (Men)"]
[Site "Elista"]
[Date "1998.10.07"]
[Round "9"]
[White "Lputian, Smbat G"]
[Black "Fedorov, Alexei"]
[Result "1/2-1/2"]
[WhiteElo "2615"]
[BlackElo "2600"]

1.d4 Nf6 2.c4 g6 3.Nc3 Bg7 4.e4 d6 5.Nf3 O-O 6.Be2 e5 7.O-O Nc6 8.d5 Ne7
9.Nd2 c5 10.dxc6 bxc6 11.b4 d5 12.b5 d4 13.Na4 Nh5 14.Nc5 Nf4 15.Ndb3 Kh8
16.a4 Ng8 17.Bxf4 exf4 18.Nd3 g5 19.e5 Ne7 20.Bf3 Bf5 21.Re1 Rc8 22.Ndc5 cxb5
23.axb5 Qc7 24.Qxd4 Ng6 25.Bd5 Nxe5 26.Qd2 Rfd8 27.Qa2 Nd3 28.Nxd3 Bxd3 29.Rac1 Bg6
30.h3 h5 31.Qe2 Bf6 32.Rcd1 Bc3 33.Rf1 Re8 34.Qf3 Qe5 35.Bc6 Red8 36.Rd5 Rxd5
37.cxd5 Bb4 38.Qd1 Kg7 39.Qa1 Qxa1 40.Rxa1 Rc7 41.Na5 g4 42.hxg4 hxg4 43.Ra4 Bc5
44.Rc4 Bb6 45.d6 g3 46.Rxf4 Rc8 47.d7 Rh8 48.Nb7 Rh4 49.Rf3 gxf2+ 50.Rxf2 Rf4
51.Bf3 Rd4 52.d8=Q  1/2-1/2

[Event "Elista ol (Men)"]
[Site "Elista"]
[Date "1998.10.07"]
[Round "9"]
[White "Sokolov, Ivan"]
[Black "Nikolaidis, Ioannis"]
[Result "1-0"]
[WhiteElo "2620"]
[BlackElo "2530"]

1.d4 Nf6 2.c4 g6 3.Nc3 Bg7 4.e4 d6 5.Be2 O-O 6.Nf3 e5 7.O-O Nc6 8.d5 Ne7
9.b4 a5 10.Ba3 axb4 11.Bxb4 Nd7 12.a4 Bh6 13.a5 f5 14.Nd2 Nf6 15.exf5 Nxf5
16.c5 Nd4 17.cxd6 cxd6 18.Nc4 Ra6 19.Ne3 Nxe2+ 20.Qxe2 b6 21.Nc4 bxa5 22.Bxa5 Qe7
23.Bb4 Bg4 24.Qb2 Rxa1 25.Rxa1 Ne8 26.Re1 Bf4 27.Ne4 Qh4 28.Ng3 Qf6 29.Qa2 Bxg3
30.hxg3 Bd7 31.Re3 Bb5 32.Nxe5 Ng7 33.Nf3 Rc8 34.Qa3 Qf7 35.Bc3 Nf5 36.Re1 Qxd5
37.Ba1 Re8 38.Rxe8+ Bxe8 39.Qc3 Kf7 40.Qf6+ Kg8 41.g4  1-0

[Event "Elista ol (Men)"]
[Site "Elista"]
[Date "1998.10.07"]
[Round "9"]
[White "Atalik, Suat"]
[Black "Krylov, Sergey"]
[Result "1/2-1/2"]
[WhiteElo "2585"]
[BlackElo "2325"]

1.d4 Nf6 2.c4 g6 3.Nc3 Bg7 4.e4 O-O 5.Nf3 d6 6.Be2 e5 7.O-O Nc6 8.d5 Ne7
9.Ne1 Nd7 10.Be3 f5 11.f3 f4 12.Bf2 g5 13.Rc1 Rf6 14.b4 Rh6 15.Nd3 a6 16.Be1 Nf6
17.Nf2 Rg6 18.g4 h5 19.c5 hxg4 20.Nxg4 Bxg4 21.fxg4 Kf7 22.Kg2 Rh6 23.h4 gxh4
24.g5 Rg6 25.Bxh4 Bh6 26.Bh5 Nxh5 27.Qxh5 Qh8 28.Rh1 Bxg5 29.Bxg5 Qxh5 30.Rxh5 Rag8
31.cxd6 Rxg5+ 32.Rxg5 Rxg5+ 33.Kf2 cxd6 34.Ne2 Rh5 35.Kg2 Rg5+ 36.Kf2 Rh5
37.Kg2  1/2-1/2

[Event "Elista ol (Men)"]
[Site "Elista"]
[Date "1998.10.11"]
[Round "12"]
[White "Sokolov, Ivan"]
[Black "Magai, Vladimir"]
[Result "0-1"]
[WhiteElo "2620"]
[BlackElo "2535"]

1.d4 Nf6 2.c4 g6 3.Nc3 Bg7 4.e4 d6 5.Be2 O-O 6.Nf3 e5 7.O-O Nc6 8.d5 Ne7
9.b4 a5 10.Ba3 axb4 11.Bxb4 Nd7 12.a4 Bh6 13.a5 f5 14.Nd2 Nf6 15.exf5 Nxf5
16.c5 Nd4 17.cxd6 cxd6 18.Nc4 Ra6 19.Ne3 Nxe2+ 20.Qxe2 Nh5 21.Ng4 Bxg4 22.Qxg4 Rf4
23.Qe6+ Kh8 24.Rab1 Rf5 25.Ne4 Nf4 26.Qxd6 Rxd6 27.Nxd6 Rf8 28.Rbd1 Qd7 29.h3 Nxh3+  0-1

[Event "Elista ol (Men)"]
[Site "Elista"]
[Date "1998.10.11"]
[Round "12"]
[White "Ivanisevic, Ivan"]
[Black "Safin, Shukhrat"]
[Result "0-1"]
[WhiteElo "2475"]
[BlackElo "2500"]

1.d4 Nf6 2.c4 g6 3.Nc3 Bg7 4.e4 d6 5.Nf3 O-O 6.Be2 e5 7.O-O Nc6 8.d5 Ne7
9.b4 a5 10.Ba3 Nd7 11.bxa5 Rxa5 12.Bb4 Ra8 13.a4 Bh6 14.a5 f5 15.Nd2 Nf6
16.c5 Bxd2 17.Qxd2 fxe4 18.Nb5 Nf5 19.Rac1 Rf7 20.Rfe1 dxc5 21.Bxc5 c6 22.Nd6 e3
23.Nxf7 exd2 24.Nxd8 cxd5 25.Bb4 dxe1=Q+ 26.Bxe1 Nd4 27.Bd1 Ne6 28.Nxe6 Bxe6
29.Bb3 Rd8 30.Rc7 Rd7 31.Rc8+ Kg7 32.Bb4 Rf7 33.Rb8 Rc7 34.h3 Nd7 35.Re8 Kf6
36.Kh2 Nc5 37.Ba2 Bf7 38.Rh8 Nd3 39.Bd6 Rd7 40.Bb8 h5 41.Kg3 Nc1 42.Bb1 Ne2+
43.Kf3 Nc3 44.Bc2 d4 45.Rc8 Rd5 46.a6 bxa6 47.Rc6+ Ke7 48.Rc7+ Kf6 49.Rc6+ Kg7
50.Rxa6 d3 51.Bxe5+ Rxe5 52.Bxd3 Nd5 53.Ra5 Kf6 54.h4 Be6 55.Kg3 Nf4 56.Rxe5 Kxe5
57.Bc2 Bf5 58.Ba4 Be4 59.f3 Bf5 60.Kf2 Nd5 61.g3 Kd4 62.Be8 Ne3 63.g4 hxg4
64.fxg4 Nxg4+ 65.Kg3 Nf6 66.Bf7 Ke3 67.Bb3 Nh5+ 68.Kg2 Be4+ 69.Kh2 Kf2 70.Bd1 Bf5
71.Ba4 Ng3 72.Bc6 Bg4 73.Bg2 Nf1+  0-1

[Event "Elista ol (Men)"]
[Site "Elista"]
[Date "1998.10.11"]
[Round "12"]
[White "Kozul, Zdenko"]
[Black "Fedorov, Alexei"]
[Result "1/2-1/2"]
[WhiteElo "2570"]
[BlackElo "2600"]

1.d4 Nf6 2.Nf3 g6 3.c4 Bg7 4.Nc3 d6 5.e4 O-O 6.Be2 e5 7.O-O Nc6 8.d5 Ne7
9.Ne1 Nd7 10.Nd3 f5 11.Bd2 Kh8 12.Rc1 c5 13.f4 Ng8 14.exf5 gxf5 15.Qc2 e4
16.Nf2 Bd4 17.Nd1 b5 18.b3 b4 19.Ne3 a5 20.a4 Ndf6 21.Rcd1 Ne7 22.Qc1 Ng6
23.Nc2 Ra7 24.Be1 Qb6 25.Kh1 Rg7 26.Nh3 h6 27.Qd2 Bc3 28.Qe3 Bxe1 29.Rdxe1 Ne7
30.Qd2 Qd8 31.Ne3 Rfg8 32.Bd1 Qf8 33.Nf2 Rg6 34.g3 Qg7 35.Ng2 h5 36.Nh3 Nh7
37.Rf2 Rh6 38.Qb2 Qxb2 39.Rxb2 Rg7 40.Rf2 Ng8 41.Nh4 Ne7 42.Ng2  1/2-1/2

[Event "NRW Sportland Cup Masters"]
[Site "Senden"]
[Date "1998.10.11"]
[Round "4"]
[White "Chuchelov, Vladimir"]
[Black "Naiditsch, Arkadij"]
[Result "0-1"]
[WhiteElo "2540"]
[BlackElo "2390"]

1.Nf3 Nf6 2.c4 g6 3.Nc3 Bg7 4.e4 d6 5.d4 O-O 6.Be2 e5 7.O-O Nc6 8.d5 Ne7
9.Nd2 Ne8 10.b4 f5 11.c5 Nf6 12.f3 f4 13.Nc4 g5 14.a4 Ng6 15.Ba3 Rf7 16.b5 dxc5
17.Bxc5 h5 18.a5 g4 19.Qc2 Nd7 20.Ba3 g3 21.Rfd1 Qh4 22.h3 Nf6 23.d6 Nh7
24.dxc7 Bxh3 25.gxh3 Ng5 26.Rd8+ Kh7 27.Bd1 Qxh3 28.Qe2 Nh4 29.Ra2 Rxc7  0-1

[Event "Budapest FS10 IM-A"]
[Site "Budapest"]
[Date "1998.10.12"]
[Round "10"]
[White "Petran, Pal"]
[Black "Szuk, Balazs"]
[Result "1/2-1/2"]
[WhiteElo "2395"]
[BlackElo "2430"]

1.d4 Nf6 2.c4 g6 3.Nc3 Bg7 4.e4 d6 5.Nf3 O-O 6.Be2 e5 7.O-O Nc6 8.d5 Ne7
9.Ne1 Ne8 10.Nd3 f5 11.Bd2 Nf6 12.f3 Kh8 13.b4 Neg8  1/2-1/2

[Event "Elista ol (Men)"]
[Site "Elista"]
[Date "1998.10.12"]
[Round "13"]
[White "Zagorskis, Darius"]
[Black "Safin, Shukhrat"]
[Result "1/2-1/2"]
[WhiteElo "2510"]
[BlackElo "2500"]

1.d4 Nf6 2.c4 g6 3.Nc3 Bg7 4.e4 d6 5.Nf3 O-O 6.Be2 e5 7.O-O Nc6 8.d5 Ne7
9.b4 Nh5 10.Re1 a5 11.bxa5 Rxa5 12.Nd2 Nf4 13.Bf1 c5 14.a4 Ra6 15.Ra3 Bd7
16.Nb5 Qc8 17.Bb2 g5 18.Kh1 Neg6 19.Bc1 g4 20.g3 Nh3 21.Bxh3 gxh3 22.f3 Qd8
23.Qe2 h5 24.Nf1 f5 25.exf5 Bxf5 26.Nd2 Bf6 27.Ne4 Be7 28.Bd2 Rf7 29.Nbc3 Qf8
30.Nb5 Bd8 31.Rf1 Bd7 32.Raa1 Bf5 33.Kg1 Kh7 34.Kh1 Kg8  1/2-1/2

[Event "SWE-chT 9899"]
[Site "Sweden"]
[Date "1998.10.17"]
[Round "2"]
[White "Sandstrom, Ludvig"]
[Black "Thornert, Hakan"]
[Result "0-1"]
[WhiteElo "2305"]
[BlackElo "2205"]

1.d4 Nf6 2.Nf3 g6 3.c4 Bg7 4.Nc3 O-O 5.e4 d6 6.Be2 e5 7.O-O Nc6 8.d5 Ne7
9.Bg5 Nd7 10.Nd2 f5 11.f3 f4 12.Bh4 Rf7 13.b4 Bf8 14.c5 g5 15.Bf2 Nf6 16.cxd6 cxd6
17.Nc4 Ng6 18.a4 Rg7 19.Kh1 h5 20.Nb5 g4 21.Nxa7 g3 22.Bb6 Qd7 23.Nxc8 Rxc8
24.Rc1 Nh4 25.h3 Nh7 26.Ba5 Ng5 27.Nb6 Rxc1 28.Qxc1 Qf7 29.Qc8 Qg6 30.Kg1 Rf7
31.Nc4 Rg7 32.b5 Ngxf3+ 33.Bxf3 Nxf3+ 34.gxf3 g2 35.Rc1 Qg3 36.Nd2  0-1

[Event "Young Masters"]
[Site "Honra"]
[Date "1998.10.18"]
[Round "9"]
[White "Pinho, Paulo"]
[Black "Reis, Luis Sousa"]
[Result "1-0"]
[WhiteElo "2150"]
[BlackElo "2225"]

1.d4 Nf6 2.c4 g6 3.Nc3 Bg7 4.e4 O-O 5.Nf3 d6 6.Be2 e5 7.O-O Nc6 8.d5 Ne7
9.Ne1 Nd7 10.f3 f5 11.Be3 f4 12.Bf2 g5 13.a4 Ng6 14.a5 Kh8 15.b4 Rg8 16.c5 Nf6
17.cxd6 cxd6 18.Nb5 g4 19.Nxa7 g3 20.Bb6 gxh2+ 21.Kxh2 Qe7 22.Rh1 Nh5 23.Kg1 Nh4
24.Rc1 Qg5 25.Rh2 Bf6 26.Bf2 Ng3 27.Rc7 Qh5 28.Qc2 Rxa7 29.Bxa7 Qe8 30.b5 h5
31.a6 bxa6 32.b6 Nhf5 33.Rxc8 Qxc8 34.Qxc8 Rxc8 35.b7 Rg8 36.Bxa6 Nd4 37.b8=Q Rxb8
38.Bxb8 Bd8 39.Ba7 Ba5 40.Bxd4 exd4 41.Nd3 Bd2 42.Kf2 Kg7 43.Rh4 Be3+ 44.Ke1 Kg6
45.Rxf4 Bxf4 46.Nxf4+  1-0

[Event "SVK-chT2A 9899"]
[Site "SVK"]
[Date "1998.10.18"]
[Round "2"]
[White "Markos, Jan"]
[Black "Miklas, Marian"]
[Result "1-0"]
[WhiteElo "2185"]
[BlackElo "2174"]

1.d4 Nf6 2.c4 g6 3.Nc3 Bg7 4.e4 d6 5.Nf3 O-O 6.Be2 e5 7.O-O Nc6 8.d5 Ne7
9.b4 a5 10.Ba3 axb4 11.Bxb4 b6 12.a4 Nd7 13.a5 bxa5 14.Rxa5 Rb8 15.Qa4 f5
16.c5 Nxc5 17.Bxc5 dxc5 18.Rxc5 fxe4 19.Nxe4 Nf5 20.Rfc1 Kh8 21.Rxc7 Qxd5
22.Nfg5 h6 23.Bc4 Qd4 24.Nf7+ Rxf7 25.Rxf7 Be6 26.Rb7 Rc8 27.Rc7 Rxc7 28.Qe8+ Kh7
29.Qxe6 Qd8 30.Qg8+  1-0

[Event "Trier"]
[Site "Trier"]
[Date "1998.10.19"]
[Round "1"]
[White "Koutsin, Sergey"]
[Black "Spisak, Czeslaw"]
[Result "0-1"]
[WhiteElo "2415"]
[BlackElo "2335"]

1.d4 Nf6 2.c4 g6 3.Nc3 Bg7 4.e4 d6 5.Nf3 O-O 6.Be2 e5 7.O-O Nc6 8.d5 Ne7
9.Ne1 Ne8 10.Be3 f5 11.f3 f4 12.Bf2 g5 13.c5 h5 14.a4 Rf6 15.cxd6 Nxd6 16.Nb5 a6
17.Nxd6 cxd6 18.a5 Rg6 19.h3 Kh8 20.Bb6 Qf8 21.Rc1 Bf6 22.Nd3 g4 23.fxg4 hxg4
24.hxg4 Qh6 25.Nf2 Bh4 26.Rc3 Bg3 27.Nh3 Qg7 28.Nxf4 Bxf4 29.Rxf4 exf4 30.Bd4 Rf6
31.Rc7 Kg8 32.Qe1 Qg5 33.Rxe7 Rg6 34.Re8+ Kf7 35.Rh8 Bxg4 36.Rxa8 Bh3 37.g3 Qh4
38.Bf2 fxg3 39.Be3 Bf5  0-1

[Event "VAM Hoogeveen op"]
[Site "Hoogeveen"]
[Date "1998.10.21"]
[Round "6"]
[White "Golod, Vitali"]
[Black "Gofshtein, Leonid D"]
[Result "1/2-1/2"]
[WhiteElo "2555"]
[BlackElo "2500"]

1.d4 Nf6 2.c4 g6 3.Nc3 Bg7 4.e4 d6 5.Be2 O-O 6.Nf3 e5 7.O-O Nc6 8.d5 Ne7
9.b4 c6 10.Ba3 a6 11.dxc6 bxc6  1/2-1/2

[Event "VAM Hoogeveen op"]
[Site "Hoogeveen"]
[Date "1998.10.22"]
[Round "7"]
[White "Reinderman, Dimitri"]
[Black "Golod, Vitali"]
[Result "1-0"]
[WhiteElo "2540"]
[BlackElo "2555"]

1.c4 g6 2.Nc3 Bg7 3.d4 Nf6 4.e4 d6 5.Nf3 O-O 6.Be2 e5 7.O-O Nc6 8.d5 Ne7
9.Ne1 Nd7 10.f3 f5 11.Be3 f4 12.Bf2 g5 13.a4 a5 14.Nd3 b6 15.b4 axb4 16.Nb5 Nf6
17.Be1 g4 18.Bxb4 Bd7 19.Re1 Ng6 20.Ra2 Rf7 21.a5 bxa5 22.Rxa5 Rb8 23.Ra7 g3
24.h3 Bxb5 25.cxb5 Nd7 26.Ba5 Nb6 27.Nb4 Ra8 28.Nc6 Qc8 29.Ra6 Qb7 30.Qa1 Rff8
31.Bxb6 cxb6 32.Bf1 Bf6 33.Qa3 Rad8 34.Ra7 Ra8 35.Ra6 Rad8 36.Nxd8 Rxd8 37.Ra7 Qb8
38.Rc1 Ne7 39.Rcc7 Kf8 40.Rab7 Qa8 41.Qxa8 Rxa8 42.Rxb6 Nxd5 43.exd5 Bd8
44.Rbc6  1-0

[Event "Bourbon Lancy op"]
[Site "Bourbon Lancy"]
[Date "1998.10.25"]
[Round "3"]
[White "Chuchelov, Vladimir"]
[Black "Corbet, L."]
[Result "1-0"]
[WhiteElo "2540"]
[BlackElo "2155"]

1.Nf3 g6 2.d4 Nf6 3.c4 Bg7 4.Nc3 O-O 5.e4 d6 6.Be2 e5 7.O-O Nc6 8.d5 Ne7
9.Nd2 Ne8 10.b4 f5 11.c5 f4 12.Bg4 g5 13.Nc4 Nf6 14.Bxc8 Rxc8 15.f3 a6 16.a4 b6
17.Ba3 h5 18.Rc1 Ng6 19.Qe2 Ne8 20.Nd1 Rf7 21.Nf2 Bf8 22.Rc3 Nf6 23.Rfc1 Rg7
24.Nd2 Ra8 25.cxb6 cxb6 26.h3 Nh4 27.Rc6 b5 28.Nf1 g4 29.fxg4 hxg4 30.hxg4 Nh5
31.R1c3 Qg5 32.Bc1 Nf6 33.Nh2 Be7 34.Rc8+ Rxc8 35.Rxc8+ Kf7 36.axb5 Rh7 37.bxa6 Nxg2
38.Kxg2 Qh4 39.Qf3 Qxh2+ 40.Kf1 Rh4 41.Qg2  1-0

[Event "Vienna op 13th"]
[Site "Vienna"]
[Date "1998.10.29"]
[Round "5"]
[White "Golod, Vitali"]
[Black "Timoshenko, Georgy"]
[Result "1-0"]
[WhiteElo "2555"]
[BlackElo "2595"]

1.d4 Nf6 2.c4 g6 3.Nc3 Bg7 4.e4 d6 5.Nf3 O-O 6.Be2 e5 7.O-O Nc6 8.d5 Ne7
9.b4 Nh5 10.Re1 f5 11.Ng5 Nf6 12.Bf3 Kh8 13.Bb2 Neg8 14.c5 Qe7 15.Qb3 Rb8
16.Rad1 a6 17.Ne6 Bxe6 18.dxe6 b6 19.cxd6 cxd6 20.b5 a5 21.Ba3 Ne8 22.exf5 gxf5
23.Bc6 Rd8 24.Na4 Rf6 25.Rxe5 Rg6 26.Re2 Qg5 27.Bc1 f4 28.Nxb6 Nc7 29.Bb2 Ne7
30.Bf3 Qxb5 31.Bxg7+ Rxg7 32.Nc4 Qc5 33.Rc2 a4 34.Nxd6 Nxe6 35.Nf7+ Kg8 36.Qxe6  1-0

[Event "Wch U18 Girls"]
[Site "Oropesa del Mar"]
[Date "1998.10.30"]
[Round "5"]
[White "Ovod, Evgenija"]
[Black "Reizniece, Dana"]
[Result "0-1"]
[WhiteElo "2390"]
[BlackElo "2170"]

1.d4 Nf6 2.c4 g6 3.Nc3 Bg7 4.e4 d6 5.Nf3 O-O 6.Be2 e5 7.O-O Nc6 8.d5 Ne7
9.Ne1 Nd7 10.Be3 f5 11.f3 f4 12.Bf2 g5 13.a4 h5 14.a5 Ng6 15.Nd3 Nf6 16.c5 g4
17.cxd6 cxd6 18.Kh1 g3 19.Bg1 h4 20.h3 Nh7 21.Re1 Ng5 22.Bf1 Bxh3 23.gxh3 Qd7
24.a6 b6 25.Qe2 Nxh3 26.Bxh3 Qxh3+ 27.Bh2 Kh8 28.Qg2 Qd7  0-1

[Event "Chigorin mem"]
[Site "St. Petersburg"]
[Date "1998.11.03"]
[Round "4"]
[White "Sambuev, Bator"]
[Black "Evelev, Vladimir M"]
[Result "1-0"]
[WhiteElo "2340"]
[BlackElo "2280"]

1.Nf3 Nf6 2.c4 g6 3.Nc3 Bg7 4.e4 O-O 5.d4 d6 6.Be2 e5 7.O-O Nc6 8.d5 Ne7
9.Ne1 Nd7 10.Be3 f5 11.f3 f4 12.Bf2 g5 13.Rc1 Ng6 14.c5 Nxc5 15.b4 Na6 16.Nd3 Bd7
17.a4 Nb8 18.Nb5 Bxb5 19.axb5 Ne7 20.Nb2 Kh8 21.Nc4 b6 22.Rc3 Nd7 23.Qc2 Nf6
24.Nd2 Ne8 25.Ra1 Nc8 26.Bf1 Qf6 27.Rca3 Rb8 28.Qc6 Qd8 29.g3 Bf6 30.Bh3 Rf7
31.Be6 Rg7 32.g4 Ne7 33.Qc4 Nc8 34.Bxc8 Rxc8 35.Rxa7 Rg8 36.Qc6 Rf8 37.Nc4 Ng7
38.Nxb6 cxb6 39.Bxb6 Qe8 40.Bc7 Bd8 41.b6 Qxc6 42.dxc6 Bxc7 43.Rxc7 Rxc7
44.bxc7 Ne6 45.b5 Nxc7 46.b6 Rc8 47.Ra7 Nb5 48.b7 Nxa7 49.c7 Re8 50.b8=Q Nc8
51.Qb5 Re7 52.Qc6 Kg7 53.h4 h6 54.h5 Kf7 55.Kf2 Ke6 56.Ke2 Rd7 57.Qc4+ Ke7
58.Kd3 Kf6 59.Qg8 Rxc7 60.Qd8+ Re7 61.Qxc8 Kf7 62.Qf5+  1-0

[Event "Donetzk zt"]
[Site "Donetsk"]
[Date "1998.11.04"]
[Round "3"]
[White "Nosenko, Alexander"]
[Black "Golubev, Mihail"]
[Result "1/2-1/2"]
[WhiteElo "2425"]
[BlackElo "2515"]

1.d4 Nf6 2.Nf3 d6 3.c4 g6 4.Nc3 Bg7 5.e4 O-O 6.Be2 e5 7.O-O Nc6 8.Be3 exd4
9.Nxd4 Re8 10.f3 Nh5 11.Qd2 f5 12.Nxc6 bxc6 13.Bd3 fxe4 14.Bxe4 Bd7 15.Rad1 Nf6
16.Bg5 Qb8 17.c5 Re6 18.Rfe1 Qb4 19.cxd6 cxd6 20.Kh1 Nxe4 21.Rxe4 Rxe4  1/2-1/2

[Event "Donetzk zt"]
[Site "Donetsk"]
[Date "1998.11.05"]
[Round "4"]
[White "Malakhatko, Vadim"]
[Black "Nechaev, Andrei"]
[Result "1-0"]
[WhiteElo "2435"]
[BlackElo "2330"]

1.Nf3 Nf6 2.c4 g6 3.Nc3 Bg7 4.e4 O-O 5.d4 d6 6.Be2 e5 7.O-O Nc6 8.d5 Ne7
9.b4 Nh5 10.Re1 f5 11.Ng5 Nf4 12.Bxf4 exf4 13.Rc1 Kh8 14.Bf3 Be5 15.c5 dxc5
16.bxc5 h6 17.Ne6 Bxe6 18.dxe6 Qxd1 19.Rexd1 Rad8 20.Nd5 Rde8 21.exf5 Nxf5
22.Re1 Rxe6 23.Nxc7 Re7 24.Nd5 Ree8 25.Rb1 Nh4 26.Re4 Bg7 27.Rxb7 Rxe4 28.Bxe4 Re8
29.Re7 Rc8 30.g3 fxg3 31.hxg3 Nf5 32.Rxa7 Rxc5 33.Nf4 Bd4 34.Nxg6+ Kg8 35.Rd7 Bg7
36.Bxf5  1-0

[Event "Chigorin mem"]
[Site "St. Petersburg"]
[Date "1998.11.07"]
[Round "7"]
[White "Kirusha, Andrey"]
[Black "Astashov, Gleb"]
[Result "1-0"]
[WhiteElo "2400"]
[BlackElo "2245"]

1.Nf3 Nf6 2.c4 g6 3.Nc3 Bg7 4.d4 O-O 5.e4 d6 6.Be2 e5 7.O-O Nc6 8.d5 Ne7
9.b4 Nh5 10.Re1 a5 11.bxa5 Nf4 12.Bf1 Rxa5 13.a4 c5 14.Ra3 h6 15.Nd2 g5 16.Nb5 Ra6
17.Bb2 g4 18.g3 Nfg6 19.Bg2 h5 20.Nf1 f5 21.exf5 Nxf5 22.Be4 Nge7 23.Nd2 Nd4
24.Bxd4 exd4 25.Qe2 Nf5 26.Bd3 Bd7 27.Ne4 Be5 28.Qd2 Ra8 29.Nxc5 dxc5 30.Rxe5 Qf6
31.Re1 Nh6 32.Nc7 Nf7 33.Bf1 Ng5 34.Nxa8 Rxa8 35.Bg2 Rf8 36.Qf4 Qg7 37.Qe5 Qg6
38.Qc7 Qf5 39.Qf4 Qg6 40.Qd2 Bf5 41.Rb3 Rf7 42.a5 Kh7 43.d6 Be4 44.Bxe4 Nxe4
45.Qd3 Nxd6 46.Qxg6+ Kxg6 47.Re6+ Rf6 48.Rxf6+ Kxf6 49.Rxb7 Nxb7 50.a6 Nd6
51.a7 Nxc4 52.a8=Q Ke5 53.Qe8+ Kd6 54.Qxh5  1-0

[Event "ISR-ch"]
[Site "Ramat Aviv"]
[Date "1998.11.08"]
[Round "1.1"]
[White "Mikhalevski, Victor"]
[Black "Botvinnik, Ilia"]
[Result "1/2-1/2"]
[WhiteElo "2540"]
[BlackElo "2375"]

1.d4 Nf6 2.c4 g6 3.Nc3 Bg7 4.e4 d6 5.Be2 O-O 6.Nf3 e5 7.O-O Nc6 8.Be3 Ng4
9.Bg5 f6 10.Bh4 Nh6 11.dxe5 dxe5 12.Qxd8 Nxd8 13.c5 c6 14.b4 Nhf7 15.Rac1 Re8
16.Rfd1 Ne6 17.Bf1 Nd4 18.Nd2 Be6 19.Nc4 Rab8 20.f4 b6 21.fxe5 fxe5 22.Ne2 bxc5
23.bxc5 Bg4 24.Re1 Bxe2 25.Bxe2 Bh6 26.Rc3 Bf8 27.Na5 Nxe2+ 28.Rxe2 Rb5 29.Nb3 Nd8
30.Bxd8 Rxd8 31.Rc4 a5 32.Rec2 Kf7 33.Kf2 Ke6 34.Ke2 Be7 35.Ra4 Ra8 36.Rd2 Ra7
37.Rd3 Bxc5 38.Rc4 Bg1 39.Rxc6+ Kf7 40.Rd1 a4 41.Nd2 Bd4 42.Nf3 Rb2+ 43.Rd2 Rab7
44.Rdc2 a3 45.Ng5+ Kg8 46.Ne6 Rd7 47.Nxd4 Rxd4 48.Rxb2 axb2 49.Rb6 Rxe4+
50.Kd3 Ra4 51.Rxb2 Kf7 52.Ke3  1/2-1/2

[Event "Donetzk zt"]
[Site "Donetsk"]
[Date "1998.11.10"]
[Round "8"]
[White "Ovsejevitsch, Sergei"]
[Black "Nechaev, Andrei"]
[Result "1-0"]
[WhiteElo "2500"]
[BlackElo "2330"]

1.d4 Nf6 2.c4 g6 3.Nc3 Bg7 4.e4 d6 5.Nf3 O-O 6.Be2 e5 7.O-O Nc6 8.d5 Ne7
9.Kh1 Ne8 10.a4 a5 11.Ne1 f5 12.Nd3 Nf6 13.f3 c5 14.dxc6 Nxc6 15.Nf2 Be6
16.b3 Rf7 17.Ra2 Bf8 18.Rd2 Qb6 19.Ba3 Nb4 20.Nb5 Rd8 21.Bb2 Rdd7 22.exf5 gxf5
23.f4 Qd8 24.g4 Nc6 25.g5 Ne8 26.Nc3 Ne7 27.Nd5 Bxd5+ 28.cxd5 Ng6 29.Nd3 Bg7
30.fxe5 dxe5 31.Nc5 Qxg5 32.Nxd7 Rxd7 33.Bb5 Rd8 34.Bxe8 Rxe8 35.d6 Rd8 36.d7 f4
37.Qf3 Qf5 38.Qxb7 e4 39.Qc7 Bf6 40.Bxf6 Qxf6 41.Qc4+ Qf7 42.Qxe4 Rxd7 43.Rg2 Rd5
44.h3 Rf5 45.Qc4 Kg7 46.Qxf7+ Kxf7 47.Rd2 Kg7 48.b4 axb4 49.Rb2 Rh5 50.Kh2 Rc5
51.Rxb4 Rc2+ 52.Kg1 Ra2 53.Rf3 Kf6 54.Kf1 Kg7 55.h4 Kh6 56.Rfxf4 Nxf4 57.Rxf4 Kg6
58.Ke1 h5 59.Kd1 Kg7 60.Kc1 Kg6 61.Kb1 Rg2 62.Kc1 Ra2 63.Rb4 Kf6 64.Kb1 Rg2
65.a5 Rg4 66.Rb6+ Ke7 67.a6 Rxh4 68.a7 Ra4 69.Rh6 Kd7 70.Rh8  1-0

[Event "Donetzk zt"]
[Site "Donetsk"]
[Date "1998.11.11"]
[Round "9"]
[White "Maksimenko, Andrei"]
[Black "Sulipa, Aleksandar"]
[Result "1/2-1/2"]
[WhiteElo "2500"]
[BlackElo "2415"]

1.Nf3 Nf6 2.c4 g6 3.Nc3 Bg7 4.e4 d6 5.d4 O-O 6.Be2 e5 7.O-O Nc6 8.d5 Ne7
9.b4 a5 10.bxa5 Rxa5 11.a4 Nd7 12.Nd2 f5 13.Nb3 Ra8 14.Bd2  1/2-1/2

[Event "SLO-chT"]
[Site "Bled"]
[Date "1998.11.12"]
[Round "6"]
[White "Brglez, Rado"]
[Black "Riegler, Primoz"]
[Result "1/2-1/2"]
[WhiteElo "2260"]
[BlackElo "2295"]

1.d4 Nf6 2.c4 g6 3.Nc3 Bg7 4.e4 d6 5.Nf3 O-O 6.Be2 e5 7.O-O Nc6 8.d5 Ne7
9.b4 Nh5 10.Re1 f5 11.Ng5 Nf6 12.Bf3 c6 13.Be3 h6 14.Ne6 Bxe6 15.dxe6 Kh8
16.Qb3 f4 17.Bc1 g5 18.Rd1 g4 19.Be2 Qc7 20.b5 Rfd8 21.Ba3 c5 22.Qc2 Rg8
23.Rd2  1/2-1/2

[Event "SLO-chT"]
[Site "Bled"]
[Date "1998.11.12"]
[Round "6"]
[White "Sitnik, Igor"]
[Black "Podkriznik, Gregor"]
[Result "1/2-1/2"]
[WhiteElo "2245"]
[BlackElo "2350"]

1.d4 g6 2.Nf3 Bg7 3.c4 Nf6 4.Nc3 O-O 5.e4 d6 6.Be2 e5 7.O-O Nc6 8.d5 Ne7
9.Nd2 a5 10.Rb1 Nd7 11.a3 f5 12.b4 Kh8 13.Qc2 Ng8 14.exf5 gxf5 15.f4 Ne7
16.fxe5 Nxe5 17.Nf3 Nxf3+ 18.Bxf3 Ng6 19.Bb2 Ne5 20.Nb5 Bd7 21.Nd4 Qh4 22.Ne6 Bxe6
23.dxe6 axb4 24.Bxb7 Rab8 25.g3 Qxc4 26.Qxc4 Nxc4 27.Bxg7+ Kxg7 28.Bc6 Kf6
29.Rxb4 Rxb4 30.axb4 Kxe6 31.Bg2 Rb8 32.Bh3 Rb5 33.Rf4 Nd2 34.Kf2 Re5 35.Rh4 Ne4+
36.Kf1 Nf6 37.Bg2 Re3 38.Rc4 Rb3 39.Bh3 Rb1+ 40.Kg2 Rb2+ 41.Kg1 h5 42.Rxc7 Rxb4
43.Rc1 Ng4 44.Bg2 Rb2 45.h3 Ne5 46.Re1 Rd2 47.Re3 Kf6 48.Rb3 Rd4 49.Rb5 h4
50.gxh4 Rxh4 51.Rd5 Ke6 52.Rd2 Rb4 53.Bd5+ Kf6 54.Kg2 Ng6 55.Kg3 f4+ 56.Kf2 Kg5
57.Bg2 Rb6 58.Kf3 Ne5+ 59.Ke4 Rb4+ 60.Rd4 Rxd4+ 61.Kxd4  1/2-1/2

[Event "Cologne op 47th"]
[Site "Cologne"]
[Date "1998.11.13"]
[Round "1"]
[White "Grimm, Sascha"]
[Black "Sprenger, Jan"]
[Result "1/2-1/2"]
[WhiteElo "2295"]
[BlackElo "2090"]

1.Nf3 Nf6 2.c4 g6 3.Nc3 Bg7 4.e4 d6 5.d4 O-O 6.Be2 e5 7.O-O Nc6 8.d5 Ne7
9.b4 Nh5 10.g3 f5 11.Ng5 Nf6 12.f3 c6 13.Qb3 h6 14.Ne6 Bxe6 15.dxe6 Qc8 16.Rd1 Rd8
17.Be3 Qxe6 18.Rd2 Kh7 19.Rad1 Rd7 20.Kg2 b6 21.b5 c5 22.a4 Rf8 23.Bg1 h5
24.h3 Bh6 25.Ra2 Nc8 26.Qb1 Kh8 27.Rf1 Rdf7 28.Qd1 Ne8 29.a5 Nc7 30.axb6 axb6
31.Nd5 Nxd5 32.cxd5 Qd7 33.Ra6 h4 34.g4 fxe4 35.fxe4 Rxf1 36.Bxf1 Qf7 37.Qe2 Bg5
38.Ra3 Kg7 39.Bf2 Kg8 40.Qe1 Qf4 41.Bc4 Kg7 42.Qe2  1/2-1/2

[Event "Young Masters 5th"]
[Site "Loures"]
[Date "1998.11.13"]
[Round "11"]
[White "Pinho, Paulo"]
[Black "Reis, Luis Sousa"]
[Result "1-0"]
[WhiteElo "2150"]
[BlackElo "2225"]

1.d4 Nf6 2.c4 g6 3.Nc3 Bg7 4.e4 O-O 5.Nf3 d6 6.Be2 e5 7.O-O Nc6 8.d5 Ne7
9.Ne1 Nd7 10.f3 f5 11.Be3 Kh8 12.b4 f4 13.Bf2 g5 14.c5 Nf6 15.cxd6 cxd6 16.Rc1 Bd7
17.Nc2 Ng6 18.Na3 Rg8 19.Ncb5 Bf8 20.Nc7 g4 21.Nxa8 g3 22.Kh1 Nh5 23.Nc7 gxf2
24.Rxf2 Ng3+ 25.Kg1 Qh4 26.Bb5 Bc8 27.Ne8 Ne7 28.Nxd6 Rg6 29.Rfc2 Rxd6 30.Rxc8 Nxc8
31.Rxc8 Kg8 32.Nc4 Qxh2+ 33.Kxh2 Rh6+ 34.Kg1 Rh1+ 35.Kf2 Rxd1 36.Nxe5 a6
37.Nd7 Kg7 38.Rxf8 axb5 39.Rxf4 Nh5 40.Rf5 Kg6 41.g4 Ng7 42.Ne5+ Kh6 43.Rf6+ Kg5
44.Rf7  1-0